[Event "Asian University"]
[Site "Tornelo INT"]
[Date "2021.09.10"]
[Round "1"]
[White "Asavayutphol, Pattarapong"]
[Black "Hafiz, Arif Abdul"]
[Result "0-1"]
[WhiteElo "1310"]
[BlackElo "2234"]
[PlyCount "74"]
[EventDate "2021.09.10"]
[EventType "swiss (rapid)"]
[EventRounds "9"]
[EventCountry "NET"]
[SourceTitle "CBM 204 Extra"]
[Source "ChessBase"]
[SourceDate "2021.11.30"]
[SourceVersion "1"]
[SourceVersionDate "2021.11.30"]
[SourceQuality "1"]

1. d4 Nc6 2. c4 d6 3. Nf3 e5 4. dxe5 Nxe5 5. Nxe5 dxe5 6. Qxd8+ Kxd8 7. e3 c6 8. Be2 Kc7 9. 0-0 Nf6 10. Nc3 Bf5 11. b3 Rd8 12. Rd1 Rxd1+ 13. Bxd1 Bb4 14. Bb2 Nd7 15. a3 Be7 16. e4 Be6 17. Na4 f6 18. Be2 Rd8 19. Rd1 b5 20. Nc3 bxc4 21. Bxc4 Bxc4 22. bxc4 Nb6 23. Rxd8 Kxd8 24. Nb1 Nxc4 25. Bc1 Kc7 26. Kf1 Bc5 27. Ke2 h5 28. f3 Nd6 29. Nc3 Nb5 30. Nxb5+ cxb5 31. Kd3 a5 32. Kc3 a4 33. Kb2 Bd4+ 34. Kc2 Kc6 35. Bd2 g6 36. Bb4 Bc5 37. Bc3 Bxa3 0-1

[Event "Asia-ch Universities"]
[Site "Chess.com INT"]
[Date "2020.12.27"]
[Round "3"]
[White "Asavayutphol, Pattarapong"]
[Black "Jagadeesh, Aaditya"]
[Result "0-1"]
[WhiteElo "1318"]
[BlackElo "2035"]
[PlyCount "88"]
[EventDate "2020.12.27"]
[EventType "swiss"]
[EventRounds "9"]
[EventCountry "IRI"]
[SourceTitle "CBM 200 Extra"]
[Source "ChessBase"]
[SourceDate "2021.03.31"]
[SourceVersion "1"]
[SourceVersionDate "2021.03.31"]
[SourceQuality "1"]

1. d4 Nf6 2. c4 c5 3. d5 e6 4. Nc3 exd5 5. cxd5 d6 6. e4 g6 7. Nf3 Bg7 8. Bb5+ Bd7 9. e5 dxe5 10. Nxe5 0-0 11. Nxd7 Nbxd7 12. 0-0 a6 13. Bd3 Nb6 14. Bg5 Nbxd5 15. Nxd5 Qxd5 16. Be3 Rfd8 17. Be2 Qe5 18. Qc2 Rac8 19. Bf3 Qc7 20. Rac1 Nd7 21. Rfd1 b6 22. b3 Ne5 23. Be2 Nc6 24. Bxa6 Ra8 25. Rxd8+ Qxd8 26. Qe4 Rxa6 27. Qxc6 Rxa2 28. g3 h5 29. b4 cxb4 30. Bxb6 Qa8 31. Qc4 Ra1 32. h4 Rxc1+ 33. Qxc1 Qd5 34. Be3 b3 35. Kh2 Kh7 36. Qb1 Qc4 37. Bc1 Bd4 38. Kg2 Qe2 39. Qxb3 Qxf2+ 40. Kh3 Qf1+ 41. Kh2 Bg1+ 42. Kh1 Bf2+ 43. Kh2 Qg1+ 44. Kh3 Qh1# 0-1

[Event "THA-chT"]
[Site "Bangkok"]
[Date "2019.12.17"]
[Round "4.3"]
[White "Asavayutphol, Pattarapong"]
[Black "Kunanantakul, Kunawach"]
[Result "0-1"]
[WhiteElo "1307"]
[BlackElo "1209"]
[PlyCount "80"]
[EventDate "2019.12.16"]
[EventType "team-swiss"]
[EventRounds "9"]
[EventCountry "THA"]
[SourceTitle "EXT 2021"]
[Source "ChessBase"]
[SourceDate "2020.10.23"]
[SourceVersion "1"]
[SourceVersionDate "2020.10.23"]
[SourceQuality "1"]
[WhiteTeam "Din Daeng"]
[BlackTeam "Big Rook Chess Academy II"]
[WhiteTeamCountry "THA"]
[BlackTeamCountry "THA"]

1. d4 d5 2. c4 c6 3. Nc3 Nf6 4. Nf3 e6 5. e3 Bd6 6. Bd3 0-0 7. 0-0 dxc4 8. Bxc4 Nbd7 9. b3 e5 10. dxe5 Nxe5 11. Nxe5 Bxe5 12. Qc2 Qc7 13. g3 Bh3 14. Re1 Ne4 15. Bb2 Ng5 16. Be2 Bf6 17. Nd5 Qd6 18. Nxf6+ gxf6 19. Qc3 Qd5 20. f3 Nxf3+ 21. Bxf3 Qxf3 22. Qc2 Rfd8 23. Re2 Rd6 24. Bd4 c5 25. Rf2 Qd5 26. Qxc5 Qxc5 27. Bxc5 Rc6 28. Ba3 Rac8 29. Bb2 Kg7 30. Re1 Kg6 31. Rfe2 Rc2 32. Kf2 Bg4 33. Bd4 Rxe2+ 34. Rxe2 Bxe2 35. Kxe2 Rc2+ 36. Kd3 Rxa2 37. h4 b6 38. g4 Rg2 39. g5 fxg5 40. hxg5 Rxg5 0-1

[Event "THA-chT"]
[Site "Bangkok"]
[Date "2019.12.16"]
[Round "2.3"]
[White "Asavayutphol, Pattarapong"]
[Black "Kunanantakul, Kunapat"]
[Result "1-0"]
[WhiteElo "1307"]
[BlackElo "1068"]
[PlyCount "75"]
[EventDate "2019.12.16"]
[EventType "team-swiss"]
[EventRounds "9"]
[EventCountry "THA"]
[SourceTitle "CBM 194 Extra"]
[Source "ChessBase"]
[SourceDate "2020.03.31"]
[SourceVersion "1"]
[SourceVersionDate "2020.03.31"]
[SourceQuality "1"]
[WhiteTeam "Din Daeng"]
[BlackTeam "Big Rook Chess Academy IV"]
[WhiteTeamCountry "THA"]
[BlackTeamCountry "THA"]

1. d4 d5 2. c4 c6 3. Nc3 Nf6 4. Nf3 Bf5 5. e3 e6 6. Bd3 Bg6 7. 0-0 Bd6 8. Qc2 Qc7 9. cxd5 cxd5 10. Qe2 0-0 11. Nb5 Qd7 12. Nxd6 Qxd6 13. Bd2 Nbd7 14. a3 Ne4 15. Bb4 Qb6 16. Bxf8 Rxf8 17. Rac1 Nef6 18. Rc3 Ne4 19. Bxe4 Bxe4 20. Rfc1 h6 21. b4 f6 22. Nd2 Bg6 23. Rc7 Qd6 24. Qb5 Be8 25. Qxb7 Rf7 26. R1c6 Qe7 27. Qxa7 e5 28. Nb3 exd4 29. Nxd4 Qe4 30. h3 Ne5 31. Re6 Qb1+ 32. Kh2 Qb2 33. Rxe8+ Kh7 34. Rxf7 Nxf7 35. Qxf7 Qxf2 36. Qxd5 Qd2 37. Qf5+ g6 38. Qd7# 1-0